000 00990nam a2200265 a 4500
001 000020356
003 DO-SdBNP
005 20240412141246.0
008 100906s1967 sp r 000 0 spa d
040 _aDO-SdBNP
_bspa
_cBNPHU
082 _a854.91
_bG747c,1967
_222
100 1 _aGramsci, Antonio,
_d1891-1937.
_95232
240 1 0 _aQuaderni del carcere
_lEspañol
245 1 0 _aCultura y literatura /
_cAntonio Gramsci ; selección y prólogo, Jordi Solé-Tura.
260 _aMadrid :
_bPenínsula,
_c1967.
300 _a356 p. ;
_c20 cm.
490 0 _aLiteratura ;
_v274
500 _aIncluye referencias bibliograficas y notas al pie páginas
650 4 _aIntelectuales
_vEnsayos, conferencias, etc.
_943016
650 4 _aLiteratura
_vEnsayos, conferencias, etc.
_943017
650 4 _aCrítica literaria
_vEnsayos, conferencias, etc.
_943018
650 4 _aPeriodismo
_zItalia
_vEnsayos, conferencias, etc.
_943019
700 1 2 _aSolé-Tura, J.
_etr.
_d1930 -
_943020
942 _2ddc
_cLBS1
999 _c19860
_d19860